| 000 | 00932nam0a22002651 4500 | ||
|---|---|---|---|
| 001 | rc\4269034 | ||
| 005 | 20250612033959.0 | ||
| 021 |
_aRU _b[66-69719] |
||
| 035 | _a(NLR Aleph) 008487406 | ||
| 090 |
_a8028417 _c8028417 |
||
| 100 | _a20130416d1966 |||y0rusy50 ca | ||
| 101 | 0 | _arus | |
| 102 | _aRU | ||
| 105 | _ay z ||||| | ||
| 200 | 1 |
_a25 славных лет _e(Из истории Норил. комсомольской организации) _eМонография |
|
| 210 |
_aКрасноярск _c[Кн. изд-во] _d1966 |
||
| 215 |
_a55 с. _d20 |
||
| 320 | _aБиблиогр. в примеч.: с. 53-55 (122 назв.) | ||
| 601 | 0 | 2 |
_aВЛКСМ _xИстория _xНорильская организация _2psbo |
| 700 | 1 |
_aБондаровская _bС.Б. _gСарра Борисовна |
|
| 801 | 0 |
_aRU _bNLR _gpsbo |
|
| 801 | 1 |
_aRU _bELAR _2rusmarc |
|
| 852 |
_aNLR _j66-4/15503 |
||
| 942 | _cBOOK | ||
| 980 | _aNB | ||